| 000 | 00503cam a2200193ua 4500 | ||
|---|---|---|---|
| 001 | 1852 | ||
| 008 | 110811n ii |||gr||||Z||||||eng | ||
| 020 | _a81-7457-171-X | ||
| 040 | _cMAIN | ||
| 082 | _a370.54 | ||
| 100 |
_aMukherji, S. N., _eAuthor. |
||
| 245 | 1 |
_aEducation in india today and tomorrow _cby S. N. Mukherji |
|
| 250 | _a1st. | ||
| 260 |
_aAgra: _bVinod pustak mandir. |
||
| 300 |
_a176p: _c23cm. |
||
| 653 | _aEducation | ||
| 653 | _aEducation in india today and tomorrow | ||
| 942 | _cBK | ||
| 999 |
_c1734 _d1734 |
||